Un Pays - Une photo - Statistiques

Statistiques générales
  • Ce quiz a été pris 95 fois
  • Le résultat moyen est 24 sur 195
Statistiques - réponses
Par images Réponse % Correct
Brésil
100%
Mexique
84%
Chine
82%
États-Unis
80%
Royaume-Uni
79%
Égypte
75%
Italie
74%
Islande
56%
Japon
54%
France
52%
Grèce
52%
Inde
52%
Australie
51%
Danemark
49%
Russie
49%
Maroc
41%
Belgique
38%
Cuba
38%
Tanzanie
38%
Turquie
38%
Vatican
36%
Chili
33%
Maldives
31%
Irlande
30%
Birmanie
28%
Norvège
28%
Hongrie
26%
Monaco
26%
Cambodge
25%
Singapour
25%
Thaïlande
25%
Vietnam
25%
Népal
23%
Pays-Bas
23%
Bhoutan
21%
Allemagne
18%
Argentine
18%
Bolivie
18%
Canada
18%
République Tchèque
18%
Émirats arabes unis
16%
Finlande
16%
Indonésie
16%
Qatar
16%
Liechtenstein
15%
Soudan
15%
Suede
15%
Lettonie
13%
Nauru
13%
Ouzbékistan
13%
Slovénie
13%
Suisse
13%
Croatie
11%
Jordanie
11%
Pérou
11%
Saint-Marin
11%
Afghanistan
10%
Arabie Saoudite
10%
Bosnie-Herzégovine
10%
Estonie
10%
Irak
10%
Malaisie
10%
Nouvelle-Zélande
10%
Sri Lanka
10%
Tunisie
10%
Algérie
8%
Bahamas
8%
Colombie
8%
Corée du Nord
8%
Corée du Sud
8%
Iran
8%
Pologne
8%
Tonga
8%
Afrique du Sud
7%
Autriche
7%
Équateur
7%
Espagne
7%
Kirghizistan
7%
Lituanie
7%
Micronésie
7%
Monténégro
7%
Philippines
7%
Slovaquie
7%
Tuvalu
7%
Albanie
5%
Andorre
5%
Arménie
5%
Azerbaïdjan
5%
Bahreïn
5%
Belize
5%
Brunei
5%
Bulgarie
5%
Burkina Faso
5%
Fidji
5%
Iles Salomon
5%
Kazakhstan
5%
Kiribati
5%
Koweït
5%
Macédoine du Nord
5%
Malte
5%
Maurice
5%
Mongolie
5%
Pakistan
5%
Seychelles
5%
Syrie
5%
Tadjikistan
5%
Yemen
5%
Zimbabwe
5%
Biélorussie
3%
Cameroun
3%
Chypre
3%
Comores
3%
Djibouti
3%
Dominique
3%
Guatemala
3%
Israël
3%
Jamaïque
3%
Liban
3%
Libéria
3%
Madagascar
3%
Oman
3%
Papouasie-Nouvelle-Guinée
3%
Portugal
3%
Salvador
3%
Serbie
3%
Somalie
3%
Soudan du Sud
3%
Timor Oriental
3%
Ukraine
3%
Vanuatu
3%
Angola
2%
Bangladesh
2%
Barbade
2%
Bénin
2%
Cap-Vert
2%
Congo
2%
Costa Rica
2%
Côte d'Ivoire
2%
Eswatini
2%
Gabon
2%
Guyana
2%
Haïti
2%
Honduras
2%
Iles Cook
2%
Iles Marshall
2%
Kenya
2%
Laos
2%
Lesotho
2%
Libye
2%
Malawi
2%
Mauritanie
2%
Moldavie
2%
MPanama
2%
Namibie
2%
Nicaragua
2%
Niger
2%
Nigeria
2%
Ouganda
2%
Palaos
2%
Paraguay
2%
République centrafricaine
2%
République démocratique du Congo
2%
République dominicaine
2%
Roumanie
2%
Rwanda
2%
Saint-Christophe-et-Niévès
2%
Sainte-Lucie
2%
Saint-Vincent-et-les-Grenadines
2%
Sao-Tomé-et-Principe
2%
Sénégal
2%
Sierra Leone
2%
Suriname
2%
Tchad
2%
Togo
2%
Turkménistan
2%
Venezuela
2%
Zambie
2%
Antigua-et-Barbuda
0%
Botswana
0%
Burundi
0%
Érythrée
0%
Éthiopie
0%
Gambie
0%
Géorgie
0%
Ghana
0%
Grenade
0%
Guinée
0%
Guinée Bissau
0%
Guinée Équatoriale
0%
Luxembourg
0%
Mali
0%
Mozambique
0%
Samoa
0%
Trinité-et-Tobago
0%
Uruguay
0%
Aucun quiz correspondant
Distribution des résultats
% des personnes avec chaque résultat
Percentile par nombre de réponses
Votre historique - résultats
Vous n’avez pas pris ce quiz